WWE Royal Rumble - Last Entrants - Statistics

General Stats
  • This quiz has been taken 1,196 times
    138 since last reset
  • The average score is 25 of 49
Answer Stats
Year Rumble Entrant % Correct
2008 John Cena
88%
2017 Roman Reigns
83%
2016 Triple H
83%
1997 The Undertaker
81%
2003 The Undertaker
81%
2007 The Undertaker
81%
2020 (Men's) Seth Rollins
80%
2006 Randy Orton
77%
2022 (Men's) Brock Lesnar
76%
2026 (Men's) Gunther
76%
2011 (40-Man Rumble) Kane
75%
2023 (Men's) Cody Rhodes
72%
2005 Ric Flair
68%
2014 Rey Mysterio
65%
2009 Big Show
63%
2012 Big Show
63%
2018 (Greatest 50-Man) Chris Jericho
62%
2025 (Men's) Logan Paul
58%
2010 Batista
57%
2019 (Men's) Nia Jax
57%
2023 (Women's) Nia Jax
57%
2024 (Women's) Liv Morgan
54%
2021 (Men's) Braun Strowman
53%
2015 Dolph Ziggler
53%
2018 (Men's) Dolph Ziggler
53%
2018 (Women's) Trish Stratus
51%
2013 Ryback
42%
1993 Randy Savage
39%
2024 (Men's) Sami Zayn
39%
2000 X-Pac
36%
2002 Booker T
35%
2026 (Women's) Tiffany Stratton
35%
1988 (20-Man Rumble) Junkyard Dog
34%
2025 (Women's) Nikki Bella
34%
1989 Ted DiBiase
34%
2020 (Women's) Shayna Baszler
32%
2022 (Women's) Shayna Baszler
32%
1990 Mr. Perfect
31%
2019 (Women's) Carmella
30%
2004 Goldberg
30%
2021 (Women's) Natalya
30%
2001 Rikishi
29%
1999 Chyna
27%
1998 Vader
23%
1992 The Warlord
22%
1994 Adam Bomb
21%
1996 Duke Droese
19%
1991 Tugboat
19%
1995 Crush
17%
No matching quizzes found
Score Distribution
Percent of People with Each Score
Percentile by Number Answered
Your Score History
You have not taken this quiz since the last reset